Phối trộn kem trị mụn từ cao chiết vỏ chuối xiêm (Musa Paradisiaca) và dầu dừa (Cocos nucifera) : Báo cáo tổng kết đề tài nghiên cứu Khoa học của sinh viên

Xây dựng công thức phối trộn kem trị mụn từ cao chiết vỏ chuối xiêm và dầu dừa có tính thấm cao và thử nghiệm kích ứng da cũng như hiệu quả sau khi sử dụng sản phẩm.

Na minha lista:
Detalhes bibliográficos
Autor principal: Dương, Thị Yến Phi
Formato: Livro
Idioma:Undetermined
Publicado em: Cần Thơ Trường Đại học Cần Thơ 2016
Assuntos:
Tags: Adicionar Tag
Sem tags, seja o primeiro a adicionar uma tag!
Thư viện lưu trữ: Trung tâm Học liệu Trường Đại học Cần Thơ
LEADER 01243nam a2200217Ia 4500
001 CTU_223310
008 210402s9999 xx 000 0 und d
082 |a 547.2 
082 |b Ph300 
088 |a TSV2016-19 
100 |a Dương, Thị Yến Phi 
245 0 |a Phối trộn kem trị mụn từ cao chiết vỏ chuối xiêm (Musa Paradisiaca) và dầu dừa (Cocos nucifera) : 
245 0 |b Báo cáo tổng kết đề tài nghiên cứu Khoa học của sinh viên 
245 0 |c Dương Thị Yến Phi (Chủ nhiệm đề tài) ; Huỳnh Anh Duy (Người hướng dẫn) ; Nguyễn Thị Thúy Lan (Thành viên tham gia) ... [et al.] 
260 |a Cần Thơ 
260 |b Trường Đại học Cần Thơ 
260 |c 2016 
520 |a Xây dựng công thức phối trộn kem trị mụn từ cao chiết vỏ chuối xiêm và dầu dừa có tính thấm cao và thử nghiệm kích ứng da cũng như hiệu quả sau khi sử dụng sản phẩm. 
650 |a Hóa học hữu cơ,Chemistry, organic 
650 |x Tổng hợp,Synthesis 
980 |a Trung tâm Học liệu Trường Đại học Cần Thơ